• 首页
  • 本馆介绍
  • 公告通知
  • 最新文献
  • 馆藏检索
  • 电子资源
  • 读者导购
  • 参考咨询
  • 我的图书馆
  • 登录
  • 详细信息显示
  • 放入我的书架
  • 预约/预借图书
  • 作者相关作品
  • 分类相关作品
  • 丛书相关作品
  • 出版社相关作品

书目信息

  • 表格格式
  • 工作单格式
  • 卡片格式
题名:
房地产开发经营与管理
    
 
作者: 朱亚兵 主编
分册:  
出版信息: 上海   立信会计出版社  2007
页数: 407页
开本: 21cm
丛书名:
单 册:
中图分类: F293.3
科图分类:
主题词: 房地产--开发--高等学校--教材 , 房地产--经济管理--高等学校--教材
电子资源:
ISBN: 9787542917973
000 01011nam0 2200253 450
001 012007372547
005 20070515143226.35
010    @a9787542917973@dCNY23.00
100    @a20070427d2007 km y0chiy0120 ea
101 0  @achi
102    @aCN@b310000
105    @ay z 000yy
106    @ar
200 1  @a房地产开发经营与管理@Afang di chan kai fa jing ying yu guan li@f朱亚兵主编@Fzhu ya bing zhu bian
210    @a上海@c立信会计出版社@d2007
215    @a407页@d21cm
300    @a工商管理系列教材
330    @a本书从房地产行业开发经营管理的基本概念开始,按照房地产经营管理的基本流程依次介绍了有关房地产的基本法律制度、房地产市场调查与观测分析、房地产项目的可行性研究以及经济评价、房地产项目的开发管理、市场营销策划、房地产交易的类型以及特点、房地产估价的基本理念方法和房地产项目的物业管理。
606 0  @a房地产@x开发@x高等学校@j教材
606 0  @a房地产@x经济管理@x高等学校@j教材
690    @aF293.3@v4
701  0 @a朱亚兵@Azhu ya bing@4主编
801  0 @aCN@bRULIN@c20070515
905    @dF293.3@e459@s5
    
    房地产开发经营与管理/朱亚兵主编.-上海:立信会计出版社,2007
    407页;21cm
    工商管理系列教材
    
    ISBN 9787542917973:CNY23.00
    本书从房地产行业开发经营管理的基本概念开始,按照房地产经营管理的基本流程依次介绍了有关房地产的基本法律制度、房地产市场调查与观测分析、房地产项目的可行性研究以及经济评价、房地产项目的开发管理、市场营销策划、房地产交易的类型以及特点、房地产估价的基本理念方法和房地产项目的物业管理。
●
相关链接 在E读中查询图书 在五车中查询图书 在当当中查询图书 在豆瓣中查询图书


正题名:房地产开发经营与管理     索取号:F293.3/459         预约/预借

序号 登录号 条形码 馆藏地/架位号 状态 备注
1 0571080   205710809   第一样本阅览室/ [索取号:F293.3/459] 在馆    
2 0571081   205710818   第一借阅区/ [索取号:F293.3/459] 在馆    
3 0571082   205710827   第一借阅区/ [索取号:F293.3/459] 在馆    
4 0571083   205710836   第一借阅区/ [索取号:F293.3/459] 在馆    
5 0571084   205710845   第一借阅区/ [索取号:F293.3/459] 在馆    
唐山师范学院图书馆 欢迎您!
大连网信软件有限公司© 版权所有